| 000 | 00527nam a2200145 a 4500 | ||
|---|---|---|---|
| 008 | 120416s2001 ||||||||||||||||| || u | ||
| 020 | _a0750652144 | ||
| 050 | _aTK 6550 Rad | ||
| 100 | _aBrown, Dr. George | ||
| 245 | 1 | 0 |
_aRadio and electronics casebook _cedited by Dr. George Brown |
| 260 |
_aOxford _bNewnes _c2001 |
||
| 300 | _aviii, 319p. : ill. | ||
| 350 | _a0.00 | ||
| 995 |
_D0.00 _FCBU-MAIN LIBRARY (Kitwe) _H1 _I30.00 _M1 _UAVAILABLE _ZMain Library Open Access Collection |
||
| 999 |
_c55546 _d55546 |
||